000 00510cam a22002051i 4500
001 830403
005 20180314085615.0
008 770301s1977 nyu 000 0 eng
010 _a 77003185
020 _a0810911140.
_a0810920735
040 _aDLC
_cDLC
_dDLC
041 _aeng
080 _a779 WES
082 0 0 _a779 WES
100 _a42
101 _aART
245 1 4 _aThe instant it happened /
_cthe Associated Press.
906 _a7
_bcbc
_corignew
_d1
_eocip
_f19
_gy-gencatlg
942 _2ddc
_cBK
999 _c45029
_d45029